| 000 | 01144cam a2200313 i 4500 | ||
|---|---|---|---|
| 008 | |||
| 020 | _a9781455746927 (hardback) | ||
| 040 |
_aNUST _cNUST |
||
| 049 | _aMAIN | ||
| 090 |
_aRC801 _bSLE |
||
| 245 | 1 | 0 |
_aSleisenger and Fordtran's gastrointestinal and liver disease : _bpathophysiology/ diagnosis /management vol.2/ _cedited by Mark Feldman; Lawrence S. Friedman and Lawrence J. Brandt. |
| 250 | _aTenth edition. | ||
| 260 |
_aPhiladelphia : _bElsevier/Saunders, _c2016. |
||
| 300 |
_axxxi, 1152 pages : _billustrations (some colour) ; _c29 cm. |
||
| 336 |
_atext _btxt _2rdacontent |
||
| 337 |
_aunmediated _bn _2rdamedia |
||
| 338 |
_avolume _bnc _2rdacarrier |
||
| 500 | _aIncludes index. | ||
| 504 | _aIncludes bibliographical references. | ||
| 650 | 1 | 2 | _aGastrointestinal Diseases. |
| 650 | 2 | 2 | _aLiver Diseases. |
| 700 | 1 |
_aFeldman, Mark., _aeditor. |
|
| 700 | 1 |
_aFriedman, Lawrence S. _q(Lawrence Samuel)., _aeditor. |
|
| 700 | 1 |
_aBrandt, Lawrence J., _aeditor. |
|
| 907 |
_a.b10364705 _b25-02-22 _c02-11-15 |
||
| 003 | |||
| 005 | 20230120204338.0 | ||
| 942 |
_cBOOKS _kRC801 _mSLE |
||
| 999 |
_c121600 _d121600 |
||